000 00681nam a2200205Ii 4500
003 JO-AjNU
008 230605s9999||||xx |||||||||||||| ||und||
040 _aJO-AjNU
_bara
_erda
_cJO-AjNU
041 _aara
050 1 4 _aT212.D5312 1993
100 3 _aديبولد،جون ؛ مترجم:شحدة فارع,
_eauthor
_916696
245 0 0 _aالمبتكرون: اكتشافات العصر واختراعاته وانجازاته
250 _aط1
264 3 1 _aعمان:دار البشير للنشر ، 1993
300 _a248ص
336 _atext
_btxt
_2rdacontent
337 _aunmediated
_bn
_2rdamedia
338 _avolume
_bnc
_2rdacarrier
650 4 _aالابتكار
_916697
999 _aA5005
_c8573
_d8573